000 00397nam a2200157Ia 4500
003 GCL
008 140319s9999 xx 000 0 eng d
040 _aGCL /
_cGCL
082 0 4 _aCH
_b372
_bP T
100 1 _aPETER, HADDOCK LTD
245 1 0 _aTHINGS THAT MOVE /
_cPETER, HADDOCK LTD
260 _a[S.N] :
_bPETER HODDOCK PUBLISHING
650 0 4 _aCHILDREN
650 0 4 _aLEARNING
942 _2ddc
_cBK
999 _c15164
_d15164